00518nam a2200145 i 450000100060000000300090000600500170001500700030003200800410003511000650007624501300014126000470027130000210031885200330033954984ES-MaACL20250828073705.0t|030910s1947 sp ||||1| spa d1 aZaragoza.bDelegación de Distrito de Educación Nacional 13aLa enseñanza media b: nuestra visión sobre el problema / cDelegación de Distrito de Educación Nacional de Zaragoza. a[Zaragoza : bLibrería General], c1947. a60 p. ; c19 cm. aES-MaACLj1882-F-4 bR.25384